Countries by Hemisphere - Statistics

General Stats
  • This quiz has been taken 6 times
  • The average score is 66 of 196
Answer Stats
Hint Answer % Correct
Dominican Republic Northern
75%
Iceland Northern
75%
Pakistan Northern
75%
Norway Northern
75%
Romania Northern
75%
Sudan Northern
75%
Sierra Leone Northern
75%
Kuwait Northern
75%
Russia Northern
50%
Kyrgyzstan Northern
50%
Nigeria Northern
50%
Barbados Northern
50%
Cuba Northern
50%
Belarus Northern
50%
Burkina Faso Northern
50%
Venezuela Northern
50%
Libya Northern
50%
Andorra Northern
50%
India Northern
50%
Somalia Northern
50%
Moldova Northern
50%
Ireland Northern
50%
Guinea Northern
50%
Lithuania Northern
50%
Philippines Northern
50%
Uzbekistan Northern
50%
Thailand Northern
50%
Turkey Northern
50%
Ukraine Northern
50%
Portugal Northern
50%
Latvia Northern
50%
Japan Northern
50%
Bahamas Northern
50%
Kenya Northern
50%
Germany Northern
50%
Eritrea Northern
50%
Israel Northern
50%
Bulgaria Northern
50%
Egypt Northern
50%
Dominica Northern
50%
Cyprus Northern
50%
United Kingdom Northern
50%
Malta Northern
50%
Cambodia Northern
50%
Poland Northern
50%
Taiwan Northern
50%
Oman Northern
50%
Greece Northern
50%
Niger Northern
50%
Jordan Northern
50%
Djibouti Northern
50%
Belize Northern
50%
Guyana Northern
50%
Nicaragua Northern
50%
St Kitts and Nevis Northern
50%
Antigua and Barbuda Northern
50%
Liechtenstein Northern
50%
Cape Verde Northern
50%
United States Northern
50%
Mexico Northern
50%
Grenada Northern
50%
Tunisia Northern
50%
Monaco Northern
50%
Trinidad and Tobago Northern
50%
Bangladesh Northern
50%
Slovakia Northern
50%
Australia Southern
50%
Paraguay Southern
50%
New Zealand Southern
50%
Mozambique Southern
50%
Zimbabwe Southern
50%
Nauru Southern
50%
Georgia Northern
25%
Armenia Northern
25%
Azerbaijan Northern
25%
Croatia Northern
25%
Cameroon Northern
25%
Ivory Coast Northern
25%
Bosnia and Herzegovina Northern
25%
Guinea-Bissau Northern
25%
Ethiopia Northern
25%
St Lucia Northern
25%
South Sudan Northern
25%
Micronesia Northern
25%
Saudi Arabia Northern
25%
Mali Northern
25%
Afghanistan Northern
25%
Morocco Northern
25%
Algeria Northern
25%
South Korea Northern
25%
Kosovo Northern
25%
Hungary Northern
25%
Iraq Northern
25%
Canada Northern
25%
Brunei Northern
25%
Saint Vincent and the Grenadines Northern
25%
Costa Rica Northern
25%
Syria Northern
25%
Suriname Northern
25%
Austria Northern
25%
Montenegro Northern
25%
France Northern
25%
Ghana Northern
25%
United Arab Emirates Northern
25%
Laos Northern
25%
North Korea Northern
25%
Haiti Northern
25%
Serbia Northern
25%
Iran Northern
25%
Uganda Northern
25%
Central African Republic Northern
25%
Bahrain Northern
25%
Macedonia Northern
25%
El Salvador Northern
25%
Netherlands Northern
25%
Gambia Northern
25%
Chad Northern
25%
Qatar Northern
25%
Panama Northern
25%
China Northern
25%
Finland Northern
25%
Liberia Northern
25%
Yemen Northern
25%
Honduras Northern
25%
Italy Northern
25%
Sweden Northern
25%
Mauritania Northern
25%
Bhutan Northern
25%
Slovenia Northern
25%
Turkmenistan Northern
25%
Vatican City Northern
25%
Togo Northern
25%
Benin Northern
25%
Vietnam Northern
25%
Sri Lanka Northern
25%
Maldives Northern
25%
Guatemala Northern
25%
Mongolia Northern
25%
Colombia Northern
25%
Czechia Northern
25%
Jamaica Northern
25%
Switzerland Northern
25%
Kazakhstan Northern
25%
Lebanon Northern
25%
Senegal Northern
25%
Belgium Northern
25%
Albania Northern
25%
San Marino Northern
25%
Denmark Northern
25%
Myanmar Northern
25%
Spain Northern
25%
Equatorial Guinea Northern
25%
Estonia Northern
25%
Nepal Northern
25%
Tajikistan Northern
25%
Luxembourg Northern
25%
Zambia Southern
25%
Solomon Islands Southern
25%
Lesotho Southern
25%
Indonesia Southern
25%
Mauritius Southern
25%
Papua New Guinea Southern
25%
Eswatini Southern
25%
Bolivia Southern
25%
Rwanda Southern
25%
Tuvalu Southern
25%
Tonga Southern
25%
Ecuador Southern
25%
Seychelles Southern
25%
South Africa Southern
25%
Madagascar Southern
25%
Republic of the Congo Southern
25%
Chile Southern
25%
Vanuatu Southern
25%
East Timor Southern
25%
Samoa Southern
25%
Malawi Southern
25%
Fiji Southern
25%
Burundi Southern
25%
Angola Southern
25%
Gabon Southern
25%
Uruguay Southern
25%
Malaysia Northern
0%
Palau Northern
0%
Kiribati Northern
0%
Marshall Islands Northern
0%
Sao Tome and Principe Northern
0%
Singapore Northern
0%
Tanzania Southern
0%
Comoros Southern
0%
Namibia Southern
0%
Democratic Republic of the Congo Southern
0%
Brazil Southern
0%
Argentina Southern
0%
Peru Southern
0%
Botswana Southern
0%
No matching quizzes found
Score Distribution
Percent of People with Each Score
Percentile by Number Answered
Your Score History
You have not taken this quiz